000 00999cas a2200289 4500
008
020 _a0003645134 (hbk.)
049 _aMAIN
090 _aRC321
_bAnn
245 0 _aAnnals of neurology
_nvol. 13, January-June 1983 :
_bofficial journal of the American Neurological Association and the Child Neurology Society /
_cedited by Fred Plum... [et al.]
260 _aBoston :
_bLittle, Brown and company,
_c1982.
300 _ax, 706 p. :
_bill. ;
_c28 cm.
500 _aIncludes index.
650 0 _aNeurology
_vPeriodicals.
650 0 _aPediatric neurology
_vPeriodicals.
650 0 _aNervous system
_xSurgery
_vPeriodicals.
650 1 2 _aNeurology
_vPeriodicals.
650 1 7 _aNeurologie.
700 _aPlum, Fred.
710 2 _aAmerican Neurological Association.
710 2 _aChild Neurology Society.
907 _a.b1034004x
_b26-03-14
_c18-03-14
003
005 20230120204135.0
040 _cNUST
942 _cBOOKS
_kRC321
_mAnn
999 _c117843
_d117843